[Event "Challenge"]
[Site "http://www.queenalice.com/game.php?id=1615078"]
[Date "2020.6.4"]
[Round "-"]
[White "Eugenederouf"]
[Black "yorugua68"]
[Result "0-1"]
[WhiteElo "1413"]
[BlackElo "1100"]

1. e4 c5 2. Bc4 g6 3. Nf3 e6 4. Nc3 a6 5. d3 Bg7 6. Bg5 Ne7 7. Bxe7 Qxe7 8. O-O
d6 9. a3 Nc6 10. a4 O-O 11. d4 cxd4 12. Nxd4 Nxd4 13. b4 Nc6 14. Rb1 Bxc3 15.
Rb3 Bxb4 16. c3 Bc5 17. Rb1 Rb8 18. Qe1 b6 19. Bd3 Ne5 20. Be2 Bb7 21. Bd1 Qc7
22. Rc1 Qc6 23. c4 Nd3 24. Qd2 Nxc1 25. Qxc1 Qxe4 26. Bc2 Qg4 27. Qh6 Qxg2# 0-1

[Event "Challenge"]
[Site "http://www.queenalice.com/game.php?id=1615079"]
[Date "2020.6.4"]
[Round "-"]
[White "Eugenederouf"]
[Black "yorugua68"]
[Result "0-1"]
[WhiteElo "1403"]
[BlackElo "1338"]

1. e4 e5 2. Bc4 Nf6 3. Nc3 Bc5 4. Nf3 d6 5. d3 h6 6. O-O c6 7. d4 exd4 8. Nxd4
O-O 9. a3 a5 10. b4 axb4 11. axb4 Rxa1 12. bxc5 dxc5 13. Nb3 Ra8 14. Nxc5 Qa5
15. Qd4 Nbd7 16. e5 Qxc5 17. Qd3 Nxe5 18. Qd2 Qxc4 19. Re1 Ng6 20. Qd3 Qxd3 21.
cxd3 Re8 22. Rd1 Ra1 23. Ne4 Nxe4 24. dxe4 Nf4 25. Kf1 Ne6 26. Ke2 Rd8 27. Rxd8+
Nxd8 28. Kd2 b5 29. Kc2 Be6 30. Kb2 Rxc1 31. Kxc1 c5 32. Kd2 b4 33. Kc2 c4 34.
Kb2 c3+ 35. Kc2 Nc6 36. Kc1 b3 37. Kb1 Nb4 38. f4 b2 39. f5 Ba2# 0-1

[Event "Let's Play Chess!"]
[Site "http://www.queenalice.com/game.php?id=1616062"]
[Date "2020.6.11"]
[Round "-"]
[White "yorugua68"]
[Black "josebaron"]
[Result "0-1"]
[WhiteElo "1338"]
[BlackElo "2444"]

1. d4 d5 2. Nf3 Nf6 3. g3 e6 4. Bg2 Be7 5. O-O O-O 6. c4 dxc4 7. Qc2 b5 8. Ne5
Nd5 9. a4 f6 10. Nf3 c6 11. e4 Nb4 12. Qe2 N8a6 13. axb5 cxb5 14. Na3 Nc7 15.
Rd1 Bb7 16. Bf4 a6 17. Ne1 f5 0-1

[Event "Let's Play Chess!"]
[Site "http://www.queenalice.com/game.php?id=1616065"]
[Date "2020.6.11"]
[Round "-"]
[White "yorugua68"]
[Black "ulisses34"]
[Result "1-0"]
[WhiteElo "1460"]
[BlackElo "1730"]

1. d4 d5 2. Nf3 e6 3. e3 Be7 4. b3 c6 5. Bb2 Na6 6. a3 b5 7. a4 bxa4 8. Rxa4 Nf6
9. Bxa6 Bd7 10. Ra1 Bb4+ 11. c3 Ba5 12. b4 Bc7 13. Nbd2 O-O 14. Bd3 Bb6 15. Ne5
Be8 16. O-O Qb8 17. f4 a5 18. Ba3 Nd7 19. Nxc6 Qd6 20. b5 Nc5 21. dxc5 Bxc5 22.
Bxc5 Qc7 23. Nf3 Bxc6 24. bxc6 Rfb8 25. Ng5 g6 26. Qg4 f5 27. Qh4 Re8 28. Rf3 h5
29. g4 fxg4 30. Bxg6 Qxc6 31. Qxh5 1-0

[Event "Challenge"]
[Site "http://www.queenalice.com/game.php?id=1616135"]
[Date "2020.6.11"]
[Round "-"]
[White "Basilederouff"]
[Black "yorugua68"]
[Result "0-1"]
[WhiteElo "1207"]
[BlackElo "1431"]

1. e4 c5 2. Bc4 e6 3. Qh5 Nf6 4. Qxc5 Bxc5 5. Nf3 Qb6 6. O-O Nc6 7. d4 Nxd4 8.
c3 Nxf3+ 9. gxf3 O-O 10. Bg5 Nh5 11. Nd2 a5 12. Nb3 Bd6 13. a4 Nf4 14. Bxf4 Bxf4
15. h3 e5 16. Rad1 d5 17. Bxd5 Qg6+ 18. Kh1 Qh5 19. Kg2 Qxh3+ 20. Kg1 Qh2# 0-1

[Event "Challenge"]
[Site "http://www.queenalice.com/game.php?id=1620052"]
[Date "2020.7.12"]
[Round "-"]
[White "yorugua68"]
[Black "flemster"]
[Result "0-1"]
[WhiteElo "1556"]
[BlackElo "1500"]

1. d4 Nf6 2. c4 e6 3. Nf3 b6 4. e3 Bb7 5. Bd3 d5 6. O-O dxc4 7. Bxc4 a6 8. Qb3
c5 9. Ne5 Bd6 10. Nc3 Qc7 11. a4 Nc6 12. Nxc6 Qxc6 13. f3 Rc8 14. Nb5 Bb8 0-1

[Event "Challenge"]
[Site "http://www.queenalice.com/game.php?id=1620248"]
[Date "2020.7.13"]
[Round "-"]
[White "mariesco"]
[Black "yorugua68"]
[Result "0-1"]
[WhiteElo "1551"]
[BlackElo "1505"]

1. e3 d5 2. Ne2 e5 3. d4 Nc6 4. Nbc3 Nf6 5. g3 a6 6. Bg2 Be7 7. dxe5 Nxe5 8. Nd4
c5 9. f4 Bg4 10. Nf3 Nc4 11. h3 Be6 12. b3 Nd6 13. Ne5 Nde4 14. Bb2 Nxg3 15. Rg1
Nfe4 16. Qf3 Qa5 17. O-O-O Nxc3 18. Rd3 Nxa2+ 19. Kd1 Ne4 20. f5 Rf8 21. fxe6
fxe6 22. Qh5+ Kd8 23. Qxh7 Nf2+ 24. Ke2 Nxd3 25. Qxd3 Bh4 26. Ng6 Rf2+ 27. Kd1
Nb4 28. Qc3 Bf6 29. Qe1 Rxc2 30. Qd2 Rxd2+ 31. Kxd2 Qa2 32. Ke2 Qxb2+ 33. Kf3
Nd3 34. Nf4 Qf2+ 35. Kg4 Ne5+ 36. Kh5 Qh4# 0-1

[Event "Let's Play Chess!"]
[Site "http://www.queenalice.com/game.php?id=1621607"]
[Date "2020.7.26"]
[Round "-"]
[White "george941"]
[Black "yorugua68"]
[Result "0-1"]
[WhiteElo "1571"]
[BlackElo "1627"]

1. e4 c6 2. d4 d5 3. exd5 cxd5 4. Nf3 Nf6 5. Bd3 Nc6 6. O-O Qc7 7. Be3 Bg4 8.
Be2 e6 9. Ne5 Bxe2 10. Qxe2 a6 11. Nc3 Nxe5 12. dxe5 Qxe5 13. Rad1 Bd6 14. g3
Qh5 15. Qxh5 Nxh5 16. Rfe1 Nf6 17. Bg5 Bb4 18. a3 Bxc3 19. bxc3 Rc8 20. Rd3 Ne4
21. Be3 Rxc3 22. Rxc3 Nxc3 23. Bd4 Nb5 24. Bb2 O-O 25. Be5 Rc8 26. a4 Na3 27. c3
Nc4 28. Bf4 e5 29. Bg5 f6 30. Bc1 Kf7 31. Kg2 Nd6 32. Bb2 Rc4 33. Ba3 Ke6 34.
Bb4 Ne4 35. Rb1 a5 36. Bxa5 Rxa4 37. Rb6+ Kf5 38. Rb5 Ra2 39. Rxd5 Rxf2+ 40. Kg1
Rd2 41. Rxd2 Nxd2 42. Kf2 Ke4 43. Ke2 Nc4 44. Bb4 f5 0-1

[Event "AUTO-OPEN-4198"]
[Site "http://www.queenalice.com/game.php?id=1621669"]
[Date "2020.7.26"]
[Round "1"]
[White "ChessColossos"]
[Black "yorugua68"]
[Result "0-1"]
[WhiteElo "1229"]
[BlackElo "1546"]

1. e4 b6 2. d4 g6 3. Nf3 Bb7 4. Nc3 Bg7 5. Bc4 e6 6. Bg5 Ne7 7. Qd2 h6 8. Bxe7
Qxe7 9. Nb5 d6 10. Bd3 a6 11. Nc3 Nc6 12. Ne2 Nb8 13. h4 h5 14. O-O-O Nd7 15.
Kb1 Nf6 16. Nc3 b5 17. a3 Rd8 18. Qe2 c5 19. dxc5 dxc5 20. Nxb5 axb5 21. Bxb5+
Kf8 22. Rxd8+ Qxd8 23. Rd1 Qb6 24. e5 Bxf3 25. gxf3 Nd5 26. c4 Nf4 27. Qe4 Bh6
28. Rd6 Qa5 29. Kc2 Kg7 30. Ra6 Qd8 31. a4 Qxh4 32. Qe1 Ng2 33. Qe2 Qg5 34. Rd6
Nf4 35. Qe3 Qf5+ 36. Qe4 Qxe4+ 37. fxe4 Ne2 38. a5 Nd4+ 39. Kd3 h4 40. b4 h3 41.
bxc5 Nxb5 42. cxb5 h2 0-1

[Event "AUTO-OPEN-4198"]
[Site "http://www.queenalice.com/game.php?id=1621670"]
[Date "2020.7.26"]
[Round "1"]
[White "yorugua68"]
[Black "ChessColossos"]
[Result "1-0"]
[WhiteElo "1546"]
[BlackElo "1111"]

1. e4 e5 2. Nc3 Nc6 3. g3 Nf6 4. Bg2 a6 5. Nge2 Bc5 6. h3 d6 7. d3 Be6 8. Be3
Nd4 9. O-O Qd7 10. Kh2 Nxe2 11. Qxe2 Bxe3 12. Qxe3 h5 13. f3 Rg8 14. Rfe1 g5 15.
d4 exd4 16. Qxd4 Nh7 17. Rad1 g4 18. fxg4 hxg4 19. h4 Rd8 20. e5 dxe5 21. Qxe5
Qc8 22. Nd5 Rxd5 23. Bxd5 c6 24. Bxe6 fxe6 25. Qh5+ 1-0

[Event "AUTO-OPEN-4198"]
[Site "http://www.queenalice.com/game.php?id=1621691"]
[Date "2020.7.26"]
[Round "1"]
[White "yorugua68"]
[Black "Torbencarlsen"]
[Result "0-1"]
[WhiteElo "1649"]
[BlackElo "2219"]

1. d4 Nf6 2. Nf3 d5 3. e3 e6 4. Bd3 c5 5. b3 Nc6 6. Bb2 b6 7. Bb5 Bb7 8. Ne5 Qc7
9. Nd2 Ne4 10. Nxe4 cxd4 11. exd4 dxe4 12. f4 Bb4+ 13. c3 Bd6 14. Qh5 O-O 15.
O-O Ne7 16. Be2 f6 17. Qh3 Bc8 18. Bc4 Nd5 19. Ng4 Nxf4 20. Qh4 Rb8 21. Rae1 b5
22. Be2 Ng6 23. Qh5 f5 24. Ne3 Nf4 25. Qh4 Rf6 0-1

[Event "AUTO-OPEN-4198"]
[Site "http://www.queenalice.com/game.php?id=1621692"]
[Date "2020.7.26"]
[Round "1"]
[White "Torbencarlsen"]
[Black "yorugua68"]
[Result "1-0"]
[WhiteElo "2145"]
[BlackElo "1649"]

1. e4 g6 2. d4 Bg7 3. c4 c5 4. d5 d6 5. Nc3 Nf6 6. f4 O-O 7. Bd3 Ne8 8. Nf3 Bg4
9. O-O Na6 10. a3 Nac7 11. Qb3 Qc8 12. Be3 Nf6 13. e5 Nfe8 14. Rae1 Bf5 15. Bxf5
gxf5 16. Re2 Rb8 17. Nh4 Kh8 18. Qc2 e6 19. Rd1 Qd8 20. g3 b6 21. dxe6 fxe6 22.
exd6 Nxd6 23. Red2 1-0

[Event "AUTO-OPEN-4198"]
[Site "http://www.queenalice.com/game.php?id=1621693"]
[Date "2020.7.26"]
[Round "1"]
[White "yorugua68"]
[Black "Clausimausi"]
[Result "1-0"]
[WhiteElo "1615"]
[BlackElo "1239"]

1. e4 e5 2. Nc3 Nf6 3. g3 d5 4. Bg2 d4 5. Nd5 Nxd5 6. exd5 c6 7. Qf3 c5 8. c4
Be7 9. Bh3 Bxh3 10. Nxh3 Nc6 11. dxc6 O-O 12. cxb7 Rb8 13. d3 Qd7 14. Qg2 Rxb7
15. b3 f6 16. f3 Re8 17. O-O Reb8 18. Nf2 Rf8 19. f4 Rbb8 20. fxe5 fxe5 21. Ba3
Rbc8 22. Ne4 Rxf1+ 23. Rxf1 1-0

[Event "Invitation"]
[Site "http://www.queenalice.com/game.php?id=1626338"]
[Date "2020.9.8"]
[Round "-"]
[White "mariesco"]
[Black "yorugua68"]
[Result "0-1"]
[WhiteElo "1633"]
[BlackElo "1598"]

1. e4 e5 2. Nf3 Nc6 3. b3 Bc5 4. Bc4 d6 5. Bb2 Nge7 6. O-O O-O 7. Nc3 a6 8. Nd5
Kh8 9. c3 f5 10. Ng5 Qe8 11. Nxc7 Qg6 12. Nxa8 Qxg5 13. b4 Ba7 14. Nc7 f4 15.
Ne6 Bxe6 16. Bxe6 Rf6 17. Bg4 Ng6 18. Kh1 Qh4 19. Qf3 Qg5 20. Rae1 Nh4 21. Qh3
Ne7 22. g3 Rh6 23. f3 Nxf3 24. Qxh6 gxh6 25. h3 Nxe1 26. Rxe1 h5 27. h4 Qxg4 28.
d4 Qxg3 29. c4 Qxe1+ 30. Kg2 Ng6 31. c5 Nxh4+ 32. Kh3 Qg3# 0-1

[Event "Challenge01"]
[Site "http://www.queenalice.com/game.php?id=1626492"]
[Date "2020.9.11"]
[Round "-"]
[White "Equiferus"]
[Black "yorugua68"]
[Result "0-1"]
[WhiteElo "1796"]
[BlackElo "1552"]

1. b3 Nf6 2. d4 g6 3. e3 Bg7 4. Nf3 d5 5. Bd3 c5 6. Bb2 Qc7 7. O-O c4 8. bxc4
dxc4 9. Be2 b5 10. Ne5 Bb7 11. Na3 a6 12. c3 Nfd7 13. Nf3 Nb6 14. Rc1 N8d7 15.
Rc2 O-O 16. h3 Nf6 17. Ne5 Ne4 18. f3 Ng3 19. Re1 Nd5 20. Qd2 f6 21. Ng4 h5 22.
Nf2 Bh6 23. Ne4 Bxe3+ 24. Qxe3 Nxe3 25. Rd2 Nxe4 26. fxe4 Qg3 27. Bf3 Qxe1+ 0-1

[Event "Challenge"]
[Site "http://www.queenalice.com/game.php?id=1629686"]
[Date "2020.10.13"]
[Round "-"]
[White "Mr_SPOCK"]
[Black "yorugua68"]
[Result "1-0"]
[WhiteElo "1645"]
[BlackElo "1649"]

1. e4 g6 2. e5 d5 3. d4 Bg7 4. Nf3 c5 5. Bb5+ Nc6 6. dxc5 a6 7. Ba4 Qa5+ 8. Nc3
e6 9. Be3 Ne7 10. O-O Bd7 11. a3 Nxe5 12. Bd4 Nxf3+ 13. gxf3 Bxa4 14. b3 e5 15.
Be3 Bc6 16. b4 Qc7 17. Ne2 d4 18. Bg5 Bxf3 19. Qd3 e4 20. Qc4 Nf5 21. Bf4 Bxe2
22. Qxe2 Qxf4 23. f3 e3 24. b5 O-O 25. Rab1 axb5 26. Rxb5 1-0